00261nam a2200085Ia 4500008004100000100004100041245004300082260004200125300000800167201224s9999 xx 000 0 und d aFrank, Harry and Althoen, Steven C. 0aStatistics : Concepts and Applications aCambridgebCambridge University Press a853